00533nam a2200205Ia 450000500170000000800410001702000150005808200130007310000110008624500160009726000280011330000190014165000160016065000120017665000110018865000120019994200060021195200950021799900150031220241004030722.0240331s9999 xx 000 0 und d a0415083788 bDAYa820 aDay, A 0aRomanticism aLondonbRoutledgec1996 axii, 217 p ., aRomanticism aHistory aPoetry aCulture cL 001040708LaWERCLbWERCLcSSCd2024-03-31l0o 820 DAYp2425r2024-03-31w2024-03-31yL c3160d3160